<?xml version="1.0" encoding="UTF-8"?>
<collection xmlns="http://www.loc.gov/MARC21/slim">
 <record>
  <leader>00427nab a2200145 i 4500</leader>
  <controlfield tag="001">bibPRO00011621</controlfield>
  <controlfield tag="008">080908s2002    xx                  hun  </controlfield>
  <datafield tag="040" ind1=" " ind2=" ">
   <subfield code="a">Sz1</subfield>
  </datafield>
  <datafield tag="041" ind1=" " ind2=" ">
   <subfield code="a">hun</subfield>
  </datafield>
  <datafield tag="100" ind1="1" ind2=" ">
   <subfield code="a">HAJDÚ Farkas-Zoltán</subfield>
  </datafield>
  <datafield tag="245" ind1="1" ind2="0">
   <subfield code="a">This may be the last time I-II. [This may be the last time I-II.</subfield>
   <subfield code="c">HAJDÚ Farkas-Zoltán</subfield>
  </datafield>
  <datafield tag="695" ind1=" " ind2=" ">
   <subfield code="a">próza</subfield>
  </datafield>
  <datafield tag="695" ind1=" " ind2=" ">
   <subfield code="a">proza scurta</subfield>
  </datafield>
  <datafield tag="695" ind1=" " ind2=" ">
   <subfield code="a">short story</subfield>
  </datafield>
  <datafield tag="773" ind1="0" ind2=" ">
   <subfield code="t">Látó. -</subfield>
   <subfield code="g">2002. 5 ; 6, 107-110 ; 153-154.</subfield>
  </datafield>
 </record>
</collection>
